[Event "DEM U16w 2021"]
[Site "Willingen GER"]
[Date "2021.08.26"]
[Round "5"]
[White "Doll, Rebecca"]
[Black "Becker, Linda"]
[Result "1-0"]
[Termination "normal"]
[Board "3"]
[WhiteElo "1803"]
[BlackElo "1674"]
[WhiteClock "00:34:58"]
[BlackClock "00:51:25"]
[PlyCount "39"]
[WhiteFideId "16236890"]
[BlackFideId "16244753"]
[EventCountry "GER"]
[EventRounds "9"]
[EventType "swiss"]
[EventDate "2021.08.22"]

1. e4 {[%clk 1:30:57]} e6 {[%clk 1:30:53]} 2. d4 {[%clk 1:31:04]} d5 {[%clk
1:31:10]} 3. Nd2 {[%clk 1:31:18]} c5 {[%clk 1:31:13]} 4. exd5 {[%clk 1:30:55]}
exd5 {[%clk 1:31:00]} 5. Ngf3 {[%clk 1:30:39]} Nc6 {[%clk 1:30:40]} 6. Bb5
{[%clk 1:27:42]} cxd4 {[%clk 1:29:42]} 7. Nxd4 {[%clk 1:26:23]} Bd7 {[%clk
1:29:00]} 8. N2f3 {[%clk 1:24:52]} Bd6 {[%clk 1:25:31]} 9. O-O {[%clk 1:23:25]}
Nge7 {[%clk 1:24:32]} 10. Re1 {[%clk 1:17:07]} O-O {[%clk 1:20:47]} 11. c3
{[%clk 1:12:13]} Qc7 {[%clk 1:16:46]} 12. g3 {[%clk 1:04:02]} Rfe8 {[%clk
1:08:46]} 13. Bd3 {[%clk 0:59:18]} Ng6 {[%clk 1:02:38]} 14. Nb5 {[%clk
0:53:59]} Rxe1+ {[%clk 0:59:51]} 15. Nxe1 {[%clk 0:44:50]} Qb8 {[%clk 0:55:30]}
16. Bxg6 {[%clk 0:42:19]} hxg6 {[%clk 0:55:26]} 17. Qxd5 {[%clk 0:41:31]} Be6
{[%clk 0:54:38]} 18. Qxd6 {[%clk 0:38:30]} Qxd6 {[%clk 0:51:37]} 19. Nxd6
{[%clk 0:38:55]} Rd8 {[%clk 0:51:25]} 20. Bf4 {[%clk 0:34:58]} 1-0

[Event "DEM U16w 2021"]
[Site "Willingen GER"]
[Date "2021.08.26"]
[Round "5"]
[White "Wagner, Margarethe"]
[Black "Peglau, Mirjam"]
[Result "1/2-1/2"]
[Termination "normal"]
[Board "4"]
[WhiteElo "1832"]
[BlackElo "1906"]
[WhiteClock "00:05:22"]
[BlackClock "00:04:34"]
[PlyCount "102"]
[WhiteFideId "16236947"]
[BlackFideId "16211138"]
[EventCountry "GER"]
[EventRounds "9"]
[EventType "swiss"]
[EventDate "2021.08.22"]

1. e4 {[%clk 1:30:58]} e6 {[%clk 1:30:56]} 2. d4 {[%clk 1:31:18]} d5 {[%clk
1:31:22]} 3. e5 {[%clk 1:31:33]} c5 {[%clk 1:31:44]} 4. c3 {[%clk 1:31:52]} Bd7
{[%clk 1:32:02]} 5. Nf3 {[%clk 1:31:22]} Qb6 {[%clk 1:32:21]} 6. Na3 {[%clk
1:23:13]} Nc6 {[%clk 1:27:44]} 7. Nc2 {[%clk 1:20:00]} cxd4 {[%clk 1:23:09]} 8.
cxd4 {[%clk 1:15:34]} Rc8 {[%clk 1:21:10]} 9. a3 {[%clk 1:05:12]} Na5 {[%clk
1:19:17]} 10. b4 {[%clk 0:57:40]} Nc4 {[%clk 1:14:42]} 11. Ne3 {[%clk 0:53:09]}
Bb5 {[%clk 1:13:01]} 12. Nxc4 {[%clk 0:50:02]} Bxc4 {[%clk 1:13:09]} 13. Bxc4
{[%clk 0:49:18]} Rxc4 {[%clk 1:13:11]} 14. O-O {[%clk 0:48:37]} Ne7 {[%clk
1:10:56]} 15. Be3 {[%clk 0:46:20]} a6 {[%clk 1:04:23]} 16. Nd2 {[%clk 0:40:32]}
Rc3 {[%clk 0:53:37]} 17. Qa4+ {[%clk 0:31:51]} Qc6 {[%clk 0:51:02]} 18. Qxc6+
{[%clk 0:31:12]} Nxc6 {[%clk 0:50:34]} 19. Rfc1 {[%clk 0:29:38]} Rxc1+ {[%clk
0:47:45]} 20. Rxc1 {[%clk 0:30:02]} Kd7 {[%clk 0:47:50]} 21. Nb3 {[%clk
0:23:06]} b6 {[%clk 0:44:56]} 22. Bg5 {[%clk 0:20:04]} h6 {[%clk 0:31:52]} 23.
Bh4 {[%clk 0:17:45]} g5 {[%clk 0:29:20]} 24. Bg3 {[%clk 0:18:05]} Be7 {[%clk
0:29:22]} 25. Kf1 {[%clk 0:16:04]} f6 {[%clk 0:27:54]} 26. Ke2 {[%clk 0:13:19]}
h5 {[%clk 0:22:24]} 27. h3 {[%clk 0:11:35]} f5 {[%clk 0:21:49]} 28. f3 {[%clk
0:08:19]} Rg8 {[%clk 0:19:54]} 29. Bf2 {[%clk 0:05:18]} Rc8 {[%clk 0:16:56]}
30. Kd3 {[%clk 0:05:21]} Bf8 {[%clk 0:12:50]} 31. Bg1 {[%clk 0:05:11]} Ne7
{[%clk 0:09:43]} 32. Rxc8 {[%clk 0:05:02]} Nxc8 {[%clk 0:09:20]} 33. Kc3 {[%clk
0:03:55]} Ne7 {[%clk 0:09:11]} 34. Bf2 {[%clk 0:02:55]} Ng6 {[%clk 0:07:15]}
35. Bg3 {[%clk 0:02:21]} Be7 {[%clk 0:05:16]} 36. Nc1 {[%clk 0:02:04]} Kc6
{[%clk 0:03:20]} 37. Ne2 {[%clk 0:01:54]} Bd8 {[%clk 0:01:42]} 38. Kb3 {[%clk
0:01:57]} Kd7 {[%clk 0:01:24]} 39. Kc3 {[%clk 0:02:02]} Ke7 {[%clk 0:01:30]}
40. Kd3 {[%clk 0:01:45]} Kf7 {[%clk 0:01:42]} 41. Bf2 {[%clk 0:27:15]} Ne7
{[%clk 0:28:39]} 42. Be1 {[%clk 0:21:04]} Kg6 {[%clk 0:23:04]} 43. Bf2 {[%clk
0:12:26]} f4 {[%clk 0:18:27]} 44. g4 {[%clk 0:08:26]} fxg3 {[%clk 0:17:22]} 45.
Nxg3 {[%clk 0:08:46]} Nc8 {[%clk 0:10:09]} 46. Be3 {[%clk 0:07:53]} Be7 {[%clk
0:09:14]} 47. Bc1 {[%clk 0:07:56]} Bf8 {[%clk 0:08:15]} 48. Bd2 {[%clk
0:07:50]} a5 {[%clk 0:06:16]} 49. bxa5 {[%clk 0:06:55]} Bxa3 {[%clk 0:06:44]}
50. a6 {[%clk 0:05:46]} Be7 {[%clk 0:05:29]} 51. Kc3 {[%clk 0:05:22]} Na7
{[%clk 0:04:34]} 1/2-1/2

[Event "DEM U16w 2021"]
[Site "Willingen GER"]
[Date "2021.08.26"]
[Round "5"]
[White "Cordes, Jule"]
[Black "Kalina, Lena"]
[Result "1/2-1/2"]
[Termination "normal"]
[Board "5"]
[WhiteElo "1790"]
[BlackElo "1605"]
[WhiteClock "00:01:46"]
[BlackClock "00:10:03"]
[PlyCount "64"]
[WhiteFideId "1060708"]
[BlackFideId "12988014"]
[EventCountry "GER"]
[EventRounds "9"]
[EventType "swiss"]
[EventDate "2021.08.22"]

1. d4 {[%clk 1:30:57]} d5 {[%clk 1:30:54]} 2. c4 {[%clk 1:31:20]} c6 {[%clk
1:31:19]} 3. Nc3 {[%clk 1:31:38]} Nf6 {[%clk 1:31:41]} 4. Nf3 {[%clk 1:31:55]}
dxc4 {[%clk 1:32:01]} 5. a4 {[%clk 1:31:30]} Bf5 {[%clk 1:32:21]} 6. e3 {[%clk
1:31:27]} e6 {[%clk 1:32:36]} 7. Bxc4 {[%clk 1:31:26]} Bb4 {[%clk 1:32:39]} 8.
O-O {[%clk 1:30:15]} O-O {[%clk 1:32:13]} 9. Ne2 {[%clk 1:26:45]} Be7 {[%clk
1:28:55]} 10. Ng3 {[%clk 1:24:29]} Bg6 {[%clk 1:28:05]} 11. Ne5 {[%clk
1:22:33]} Nbd7 {[%clk 1:24:52]} 12. Nxg6 {[%clk 1:16:20]} hxg6 {[%clk 1:25:00]}
13. a5 {[%clk 1:04:32]} b5 {[%clk 1:15:17]} 14. Be2 {[%clk 0:54:53]} a6 {[%clk
1:12:35]} 15. Bf3 {[%clk 0:54:14]} Rc8 {[%clk 1:10:16]} 16. Bd2 {[%clk
0:52:34]} e5 {[%clk 0:52:15]} 17. Rc1 {[%clk 0:43:54]} c5 {[%clk 0:45:43]} 18.
dxc5 {[%clk 0:27:40]} Nxc5 {[%clk 0:38:45]} 19. b4 {[%clk 0:20:56]} e4 {[%clk
0:32:45]} 20. Be2 {[%clk 0:13:01]} Nd3 {[%clk 0:29:35]} 21. Rxc8 {[%clk
0:12:36]} Qxc8 {[%clk 0:29:50]} 22. Nxe4 {[%clk 0:12:22]} Nxb4 {[%clk 0:28:42]}
23. Nxf6+ {[%clk 0:10:56]} gxf6 {[%clk 0:28:50]} 24. Qb3 {[%clk 0:09:53]} Nc6
{[%clk 0:25:08]} 25. h3 {[%clk 0:07:42]} Qe6 {[%clk 0:21:45]} 26. Qxe6 {[%clk
0:02:34]} fxe6 {[%clk 0:22:05]} 27. Rc1 {[%clk 0:02:43]} Ne5 {[%clk 0:16:45]}
28. Rc7 {[%clk 0:02:26]} Rd8 {[%clk 0:14:24]} 29. Be1 {[%clk 0:02:23]} Rd7
{[%clk 0:14:02]} 30. Rc8+ {[%clk 0:01:05]} Rd8 {[%clk 0:10:27]} 31. Rc7 {[%clk
0:01:26]} Rd7 {[%clk 0:09:59]} 32. Rc8+ {[%clk 0:01:46]} Rd8 {[%clk 0:10:03]}
1/2-1/2

[Event "DEM U16w 2021"]
[Site "Willingen GER"]
[Date "2021.08.26"]
[Round "5"]
[White "Buchholz, Maja"]
[Black "Wörz, Ann-Sophie"]
[Result "1-0"]
[Termination "normal"]
[Board "6"]
[WhiteElo "1720"]
[BlackElo "1563"]
[WhiteClock "00:08:35"]
[BlackClock "00:01:25"]
[PlyCount "63"]
[WhiteFideId "16200500"]
[BlackFideId "16265890"]
[EventCountry "GER"]
[EventRounds "9"]
[EventType "swiss"]
[EventDate "2021.08.22"]

1. Nc3 {[%clk 1:30:59]} g6 {[%clk 1:28:34]} 2. e4 {[%clk 1:30:22]} Bg7 {[%clk
1:28:12]} 3. f4 {[%clk 1:29:30]} d6 {[%clk 1:25:18]} 4. Nf3 {[%clk 1:29:30]} c5
{[%clk 1:21:41]} 5. g3 {[%clk 1:28:58]} Nc6 {[%clk 1:21:46]} 6. Bg2 {[%clk
1:29:01]} e6 {[%clk 1:21:41]} 7. O-O {[%clk 1:28:24]} Nge7 {[%clk 1:21:42]} 8.
d3 {[%clk 1:27:54]} Rb8 {[%clk 1:20:34]} 9. a4 {[%clk 1:25:01]} O-O {[%clk
1:18:34]} 10. Be3 {[%clk 1:23:16]} Nd4 {[%clk 1:17:01]} 11. Qd2 {[%clk
1:18:57]} Nxf3+ {[%clk 1:13:43]} 12. Rxf3 {[%clk 1:18:27]} Nc6 {[%clk 1:13:14]}
13. Raf1 {[%clk 1:16:58]} Nd4 {[%clk 1:12:15]} 14. R3f2 {[%clk 1:17:17]} a6
{[%clk 1:10:35]} 15. f5 {[%clk 0:46:32]} exf5 {[%clk 1:05:25]} 16. Bh6 {[%clk
0:45:55]} Be6 {[%clk 0:44:41]} 17. Kh1 {[%clk 0:28:42]} b5 {[%clk 0:35:55]} 18.
axb5 {[%clk 0:28:11]} axb5 {[%clk 0:35:48]} 19. Nd1 {[%clk 0:23:27]} Rb6 {[%clk
0:27:37]} 20. Bxg7 {[%clk 0:20:56]} Kxg7 {[%clk 0:27:59]} 21. c3 {[%clk
0:19:33]} Nc6 {[%clk 0:25:34]} 22. Bh3 {[%clk 0:18:07]} Ne7 {[%clk 0:22:47]}
23. Ne3 {[%clk 0:17:03]} f4 {[%clk 0:18:12]} 24. Bxe6 {[%clk 0:16:47]} fxe6
{[%clk 0:16:52]} 25. Ng4 {[%clk 0:08:31]} Qa8 {[%clk 0:11:53]} 26. Rxf4 {[%clk
0:08:26]} Rxf4 {[%clk 0:09:19]} 27. Qxf4 {[%clk 0:08:48]} Ng8 {[%clk 0:08:56]}
28. Qf7+ {[%clk 0:08:14]} Kh8 {[%clk 0:09:25]} 29. Nf6 {[%clk 0:08:04]} Rb7
{[%clk 0:06:58]} 30. Qxe6 {[%clk 0:08:10]} Qb8 {[%clk 0:02:14]} 31. Nd7 {[%clk
0:08:16]} Qd8 {[%clk 0:01:25]} 32. Rf8 {[%clk 0:08:35]} 1-0

[Event "DEM U16w 2021"]
[Site "Willingen GER"]
[Date "2021.08.26"]
[Round "5"]
[White "Zöllner, Bente"]
[Black "Werner, Rosalie"]
[Result "0-1"]
[Termination "normal"]
[Board "7"]
[WhiteElo "1620"]
[BlackElo "1741"]
[WhiteClock "00:24:29"]
[BlackClock "00:15:28"]
[PlyCount "92"]
[WhiteFideId "16230523"]
[BlackFideId "16223748"]
[EventCountry "GER"]
[EventRounds "9"]
[EventType "swiss"]
[EventDate "2021.08.22"]

1. d4 {[%clk 1:30:57]} Nf6 {[%clk 1:30:55]} 2. Nf3 {[%clk 1:31:13]} g6 {[%clk
1:31:12]} 3. c4 {[%clk 1:31:28]} Bg7 {[%clk 1:31:31]} 4. Nc3 {[%clk 1:31:44]}
O-O {[%clk 1:31:43]} 5. Bg5 {[%clk 1:31:56]} d6 {[%clk 1:31:45]} 6. e3 {[%clk
1:31:49]} h6 {[%clk 1:27:13]} 7. Bh4 {[%clk 1:31:28]} g5 {[%clk 1:23:35]} 8.
Bg3 {[%clk 1:31:40]} Nh5 {[%clk 1:23:12]} 9. Be2 {[%clk 1:29:23]} Nxg3 {[%clk
1:21:59]} 10. hxg3 {[%clk 1:27:52]} Nd7 {[%clk 1:15:36]} 11. Qc2 {[%clk
1:26:54]} f5 {[%clk 1:13:15]} 12. Bd3 {[%clk 1:20:35]} e6 {[%clk 1:07:54]} 13.
O-O-O {[%clk 1:11:49]} Nb8 {[%clk 0:59:25]} 14. e4 {[%clk 0:59:22]} Nc6 {[%clk
0:54:01]} 15. Qd2 {[%clk 0:42:09]} Bd7 {[%clk 0:40:32]} 16. d5 {[%clk 0:35:41]}
Nb4 {[%clk 0:23:52]} 17. Bb1 {[%clk 0:34:02]} e5 {[%clk 0:17:52]} 18. exf5
{[%clk 0:22:12]} Bxf5 {[%clk 0:13:16]} 19. Bxf5 {[%clk 0:17:55]} Rxf5 {[%clk
0:13:36]} 20. Ne4 {[%clk 0:17:12]} Na6 {[%clk 0:09:57]} 21. Qe2 {[%clk
0:15:25]} Qe8 {[%clk 0:06:27]} 22. b3 {[%clk 0:09:39]} Qg6 {[%clk 0:04:43]} 23.
Rh2 {[%clk 0:07:23]} Raf8 {[%clk 0:03:26]} 24. Rdh1 {[%clk 0:06:21]} Qf7 {[%clk
0:02:34]} 25. Nfd2 {[%clk 0:04:39]} Nc5 {[%clk 0:02:04]} 26. g4 {[%clk
0:03:49]} Rxf2 {[%clk 0:01:58]} 27. Nxf2 {[%clk 0:03:38]} Qxf2 {[%clk 0:02:16]}
28. Qxf2 {[%clk 0:03:39]} Nd3+ {[%clk 0:02:10]} 29. Kc2 {[%clk 0:03:11]} Nxf2
{[%clk 0:02:33]} 30. Rf1 {[%clk 0:03:30]} e4 {[%clk 0:02:21]} 31. Nb1 {[%clk
0:02:12]} e3 {[%clk 0:01:40]} 32. Nc3 {[%clk 0:01:42]} Bxc3 {[%clk 0:01:26]}
33. Kxc3 {[%clk 0:02:04]} Ne4+ {[%clk 0:01:50]} 34. Kd3 {[%clk 0:01:44]} Rxf1
{[%clk 0:02:10]} 35. Kxe3 {[%clk 0:01:02]} Nf6 {[%clk 0:02:12]} 36. Ke2 {[%clk
0:00:54]} Ra1 {[%clk 0:02:08]} 37. Rxh6 {[%clk 0:01:09]} Kg7 {[%clk 0:02:05]}
38. Rh3 {[%clk 0:01:03]} Rxa2+ {[%clk 0:02:24]} 39. Kf1 {[%clk 0:00:34]} Rb2
{[%clk 0:01:52]} 40. Rg3 {[%clk 0:00:36]} a6 {[%clk 0:01:01]} 41. Kg1 {[%clk
0:00:39]} Re2 {[%clk 0:22:55]} 42. Kh2 {[%clk 0:28:04]} Re4 {[%clk 0:16:53]}
43. Kh3 {[%clk 0:27:36]} b5 {[%clk 0:15:48]} 44. Rc3 {[%clk 0:24:29]} bxc4
{[%clk 0:15:20]} 45. bxc4 {[%clk 0:24:43]} Nxg4 {[%clk 0:15:05]} 46. Ra3 {[%clk
0:24:29]} Re3+ {[%clk 0:15:28]} 0-1

[Event "DEM U16w 2021"]
[Site "Willingen GER"]
[Date "2021.08.26"]
[Round "5"]
[White "Albayrak, Nese Pinar"]
[Black "Petersen, Sophie"]
[Result "1/2-1/2"]
[Termination "normal"]
[Board "8"]
[WhiteElo "1546"]
[BlackElo "1515"]
[WhiteClock "00:28:17"]
[BlackClock "00:26:01"]
[PlyCount "84"]
[WhiteFideId "16255259"]
[BlackFideId "16229380"]
[EventCountry "GER"]
[EventRounds "9"]
[EventType "swiss"]
[EventDate "2021.08.22"]

1. e4 {[%clk 1:30:58]} e5 {[%clk 1:30:56]} 2. Nf3 {[%clk 1:31:23]} Nc6 {[%clk
1:31:18]} 3. Bb5 {[%clk 1:31:47]} a6 {[%clk 1:31:38]} 4. Ba4 {[%clk 1:32:12]}
d6 {[%clk 1:32:00]} 5. h3 {[%clk 1:32:32]} b5 {[%clk 1:30:14]} 6. Bb3 {[%clk
1:33:00]} Na5 {[%clk 1:30:11]} 7. c3 {[%clk 1:31:01]} Nxb3 {[%clk 1:30:16]} 8.
axb3 {[%clk 1:30:30]} Bb7 {[%clk 1:28:57]} 9. d3 {[%clk 1:30:10]} g6 {[%clk
1:27:37]} 10. O-O {[%clk 1:29:12]} Bg7 {[%clk 1:24:46]} 11. Re1 {[%clk
1:26:58]} Nf6 {[%clk 1:22:15]} 12. Be3 {[%clk 1:26:09]} O-O {[%clk 1:17:37]}
13. Nbd2 {[%clk 1:25:01]} c5 {[%clk 1:08:32]} 14. Rc1 {[%clk 1:21:28]} Rc8
{[%clk 1:04:18]} 15. Nf1 {[%clk 1:14:38]} Re8 {[%clk 0:59:12]} 16. Ng3 {[%clk
1:10:39]} d5 {[%clk 0:53:31]} 17. Bg5 {[%clk 1:06:38]} h6 {[%clk 0:47:58]} 18.
Bxf6 {[%clk 1:04:42]} Qxf6 {[%clk 0:46:54]} 19. exd5 {[%clk 0:55:46]} Bxd5
{[%clk 0:46:27]} 20. Ne4 {[%clk 0:55:57]} Qb6 {[%clk 0:41:30]} 21. Qc2 {[%clk
0:45:30]} f5 {[%clk 0:39:00]} 22. Ned2 {[%clk 0:45:00]} Bb7 {[%clk 0:36:32]}
23. Re3 {[%clk 0:40:37]} g5 {[%clk 0:32:34]} 24. Qd1 {[%clk 0:26:18]} Qc6
{[%clk 0:30:24]} 25. Qf1 {[%clk 0:24:02]} g4 {[%clk 0:21:52]} 26. hxg4 {[%clk
0:18:39]} fxg4 {[%clk 0:22:07]} 27. Ne1 {[%clk 0:18:01]} h5 {[%clk 0:21:31]}
28. Rd1 {[%clk 0:10:09]} h4 {[%clk 0:13:40]} 29. Ne4 {[%clk 0:07:41]} Bh6
{[%clk 0:10:37]} 30. Re2 {[%clk 0:07:42]} Rf8 {[%clk 0:10:03]} 31. Kh1 {[%clk
0:04:03]} Rc7 {[%clk 0:07:33]} 32. Qg1 {[%clk 0:04:05]} Rh7 {[%clk 0:06:17]}
33. f3 {[%clk 0:03:12]} h3 {[%clk 0:05:06]} 34. gxh3 {[%clk 0:02:53]} Bg7
{[%clk 0:03:26]} 35. Rh2 {[%clk 0:01:52]} gxf3 {[%clk 0:02:28]} 36. Rdd2 {[%clk
0:01:17]} Qh6 {[%clk 0:01:28]} 37. Rdf2 {[%clk 0:01:05]} Rf4 {[%clk 0:00:35]}
38. Rxf3 {[%clk 0:00:35]} Rxe4 {[%clk 0:00:46]} 39. dxe4 {[%clk 0:00:44]} Bxe4
{[%clk 0:01:13]} 40. Qxc5 {[%clk 0:00:36]} Bxf3+ {[%clk 0:01:00]} 41. Nxf3
{[%clk 0:00:43]} Qc1+ {[%clk 0:00:33]} 42. Ng1 {[%clk 0:28:17]} Rh6 {[%clk
0:26:01]} 1/2-1/2

[Event "DEM U16w 2021"]
[Site "Willingen GER"]
[Date "2021.08.26"]
[Round "5"]
[White "Derling, Charlotte"]
[Black "Hafermann, Lara"]
[Result "1/2-1/2"]
[Termination "normal"]
[Board "9"]
[WhiteElo "1432"]
[BlackElo "1349"]
[WhiteClock "00:00:39"]
[BlackClock "00:03:24"]
[PlyCount "141"]
[WhiteFideId "16222237"]
[BlackFideId "16298306"]
[EventCountry "GER"]
[EventRounds "9"]
[EventType "swiss"]
[EventDate "2021.08.22"]

1. e4 {[%clk 1:30:55]} d6 {[%clk 1:30:50]} 2. d4 {[%clk 1:31:11]} Nf6 {[%clk
1:31:08]} 3. Nc3 {[%clk 1:31:24]} g6 {[%clk 1:31:22]} 4. Bg5 {[%clk 1:30:50]}
Bg7 {[%clk 1:31:34]} 5. Qd2 {[%clk 1:30:14]} O-O {[%clk 1:27:25]} 6. Bh6 {[%clk
1:21:42]} c5 {[%clk 1:22:06]} 7. Bxg7 {[%clk 1:19:05]} Kxg7 {[%clk 1:22:26]} 8.
d5 {[%clk 1:13:22]} e6 {[%clk 1:15:51]} 9. Bc4 {[%clk 1:06:37]} a6 {[%clk
0:59:11]} 10. a4 {[%clk 0:59:31]} Qe7 {[%clk 0:54:02]} 11. Nge2 {[%clk
0:51:04]} Nbd7 {[%clk 0:50:28]} 12. Nf4 {[%clk 0:43:54]} Nb6 {[%clk 0:40:37]}
13. Ba2 {[%clk 0:42:08]} e5 {[%clk 0:39:55]} 14. Nfe2 {[%clk 0:40:36]} Bd7
{[%clk 0:31:34]} 15. a5 {[%clk 0:37:48]} Nc8 {[%clk 0:31:14]} 16. Ng3 {[%clk
0:36:33]} Ng8 {[%clk 0:26:11]} 17. h4 {[%clk 0:33:02]} h6 {[%clk 0:17:06]} 18.
O-O-O {[%clk 0:31:08]} Na7 {[%clk 0:12:45]} 19. f4 {[%clk 0:29:02]} f6 {[%clk
0:11:53]} 20. f5 {[%clk 0:27:43]} g5 {[%clk 0:11:13]} 21. hxg5 {[%clk 0:27:39]}
fxg5 {[%clk 0:11:19]} 22. Rdf1 {[%clk 0:23:28]} Nf6 {[%clk 0:08:33]} 23. Nh5+
{[%clk 0:23:02]} Nxh5 {[%clk 0:07:49]} 24. Rxh5 {[%clk 0:23:24]} Be8 {[%clk
0:07:07]} 25. Rh2 {[%clk 0:22:15]} Rb8 {[%clk 0:06:12]} 26. Rfh1 {[%clk
0:21:17]} Rh8 {[%clk 0:06:32]} 27. Qf2 {[%clk 0:20:43]} b5 {[%clk 0:05:11]} 28.
axb6 Rxb6 {[%clk 0:05:26]} 29. f6+ {[%clk 0:08:27]} Qxf6 {[%clk 0:05:31]} 30.
Qxf6+ {[%clk 0:08:44]} Kxf6 {[%clk 0:05:59]} 31. Rxh6+ {[%clk 0:08:48]} Rxh6
{[%clk 0:06:21]} 32. Rxh6+ {[%clk 0:09:13]} Bg6 {[%clk 0:05:06]} 33. Bc4 {[%clk
0:06:17]} Nb5 {[%clk 0:04:41]} 34. Na4 {[%clk 0:02:59]} Rb8 {[%clk 0:04:20]}
35. Bd3 {[%clk 0:02:58]} a5 {[%clk 0:03:47]} 36. Kd2 {[%clk 0:01:18]} Nc7
{[%clk 0:01:52]} 37. b3 {[%clk 0:00:52]} Kg7 {[%clk 0:01:16]} 38. Rh1 {[%clk
0:00:53]} Be8 {[%clk 0:01:17]} 39. Nb2 {[%clk 0:00:50]} Bg6 {[%clk 0:00:47]}
40. Nc4 {[%clk 0:00:38]} Ne8 {[%clk 0:00:49]} 41. Ra1 {[%clk 0:27:38]} Ra8
{[%clk 0:29:44]} 42. Rxa5 {[%clk 0:26:44]} Rxa5 {[%clk 0:26:34]} 43. Nxa5
{[%clk 0:25:12]} Nf6 {[%clk 0:26:59]} 44. Ke3 {[%clk 0:23:22]} Kf7 {[%clk
0:27:06]} 45. c3 {[%clk 0:21:28]} Ke7 {[%clk 0:25:51]} 46. b4 {[%clk 0:20:34]}
Nd7 {[%clk 0:19:37]} 47. Bb5 {[%clk 0:17:51]} cxb4 {[%clk 0:17:05]} 48. cxb4
{[%clk 0:17:37]} Nb6 {[%clk 0:16:17]} 49. Nc4 {[%clk 0:14:29]} Nxc4+ {[%clk
0:14:29]} 50. Bxc4 {[%clk 0:14:43]} Kd7 {[%clk 0:13:10]} 51. Be2 {[%clk
0:07:00]} Kc7 {[%clk 0:12:00]} 52. Bg4 {[%clk 0:07:04]} Kb6 {[%clk 0:12:13]}
53. Bf5 {[%clk 0:07:20]} Bh5 {[%clk 0:12:16]} 54. Kd3 {[%clk 0:07:16]} Kb5
{[%clk 0:11:45]} 55. Kc3 {[%clk 0:07:37]} Be2 {[%clk 0:11:51]} 56. Bd7+ {[%clk
0:04:43]} Kb6 {[%clk 0:12:06]} 57. Kd2 {[%clk 0:04:04]} Bf1 {[%clk 0:07:46]}
58. g3 {[%clk 0:02:57]} Bc4 {[%clk 0:07:14]} 59. Ke3 {[%clk 0:01:54]} Bb3
{[%clk 0:06:54]} 60. Kd2 {[%clk 0:01:29]} Bc4 {[%clk 0:06:44]} 61. Ba4 {[%clk
0:01:06]} Bf1 {[%clk 0:06:08]} 62. Ke3 {[%clk 0:00:44]} Bh3 {[%clk 0:04:49]}
63. Kf3 {[%clk 0:00:33]} Bc8 {[%clk 0:04:46]} 64. Kg2 {[%clk 0:00:36]} Kb7
{[%clk 0:03:36]} 65. Kf2 {[%clk 0:00:37]} Bg4 {[%clk 0:03:36]} 66. Ke3 {[%clk
0:00:44]} Kb6 {[%clk 0:02:57]} 67. Kd3 {[%clk 0:00:51]} Bh3 {[%clk 0:02:40]}
68. Kc3 {[%clk 0:00:54]} Bc8 {[%clk 0:02:49]} 69. Bd1 {[%clk 0:00:46]} Bd7
{[%clk 0:03:06]} 70. Be2 {[%clk 0:00:54]} Bc8 {[%clk 0:03:24]} 71. Kb3 {[%clk
0:00:39]} 1/2-1/2